000 00838nam a22002777a 4500
001 BR9507507
003 BR-BrBNA
005 20230928094719.0
007 ta
008 230509b bl.||||| |||| 00| 0 por d
040 _aBR-BrBNA
_bpor
_cBiblioteca Nacional de Agricultura
041 _a(Por)
072 _aK10
090 _ K10 BR9507507
110 1 _aGoverno do Estado do Rio Grande do Sul, Porto Alegre (Brasil)
_95400
111 1 _a3. Congresso Florestal Estadual
_cNova Prata, RS (Brazil)
_d18-26 Sep 1976
245 1 _aAnais do 3. Congresso Florestal Estadual
260 3 _aPorto Alegre, RS (Brasil):
_c1976.
300 _a230 p.
650 _aPolitica Florestal
650 _aSilvicultura
650 _aPreservacao da Natureza
650 _aIndustria Florestal
909 _a202309
_bLucia
_c55
_dLucia Elande
942 _cBK
999 _c52233
_d52233